000 00343nam a22001457a 4500
008 231124b ||||| |||| 00| 0 eng d
020 _a9781567318036
041 _aeng
080 _a159.9
082 _a159.9TER
100 _a25
101 _aPSI
245 _aSMALL CHANGE LITTLE THINGS MAKE A BIG DIFFERENCE
_cTERKEL.S
942 _2udc
_cBK
999 _c60533
_d60533